Statistics for Haikyuu!! - Guess the random character!

Click here to take the quiz!

General Stats

  • This quiz has been taken 663 times
    (556 since last reset)
  • The average score is 8 of 15

Answer Stats

HintAnswer% Correct
A pile of salt with glassesKei Tsukishima
94%
The OG parental friend, also a setterKoushi Sugawara
87%
The white haired giant of the Iron WallTakanobu Aone
77%
Will kick you if you call him shortMorisuke Yaku
71%
Olive haired middle blockerTadashi Yamaguchi
59%
Ace wannabe, also kind of has a bowl cutTsutomu Goshiki
58%
Brown bowl cut boy from ShiratorizawaKenjirou Shirabu
52%
Almost pink haired number 3 of Aoba JohsaiTakahiro Hanamaki
47%
Blep, Seijoh's "nope" memberAkira Kunimi
43%
Really tall, looks like an Angry Bird, is in DatekoKanji Koganegawa
42%
Longcat middle blockerLev Haiba
39%
Meme eyebrows, no. 2Issei Matsukawa
38%
The first year libero of the catsYuuki Shibayama
31%
Former capatain of the Iron Wall teamKaname Moniwa
25%
Emo saltpile, mom™ of ShiratorizawaEita Semi
15%

Score Distribution

Percentile by Number Answered

Percent of People with Each Score

Your Score History

You have not taken this quiz since the last reset